000 03607njm a2200709 i 4500
001 196093
003 ES-MaACL
005 20250904042255.0
007 sd*fsngnnmmned
008 240209s2006 sp opn d / ger
015 _aSON06
017 _aM 48046-2006
_bOficina Depósito Legal Madrid
020 _a9788496832107
035 _a(OCoLC)431146417
035 _a(SpMaBN)a4555175
040 _aSpMaBN
_bspa
_cSpMaBN
_erdc
100 1 _aMozart, Wolfgang Amadeus,
_d1756-1791
_9240565
_ecmt
240 1 4 _aDie Zauberflöte
245 1 4 _aDie Zauberflöte /
_cMozart ; libreto de Emanuel Schikaneder
_h[Grabación sonora]
260 _aMadrid :
_bPrisa Innova,
_cD.L. 2006
264 _a©2007
300 _a2 discos (CD Audio) +
_e1 libro (108 páginas)
336 _2rdacontent
_amúsica (interpretada)
337 _2rdamedia
_aaudio
338 _2rdacarrier
_avolumen
490 1 _aLos clásicos de la ópera, 400 años ;
_v15
500 _aRemasterizado
511 1 _aAnton Dermota, Irmgard Seefried, Erich Kunz, Wilma Lipp, Ludwig Weber, George London, Sena Jurinac, Friedl Rieger, Else Schürhoff, Emmy Loose ; Coro de la Sociedad de Amigos de la Música de Viena ; Orquesta Filarmónica de Viena ; Herbert von Karajan, director musical.
518 _aGrabado en Viena en 1950
520 _aLo primero que se plantea en una ópera tan singular como Die Zauberflöte (La flauta mágica) es dar con su auténtica significación. Posee en principio un carácter localista, centrado en la tradición germánica de la ópera popular o singspiel, aunque parece suficientemente probado que sus autores quisieron decir una serie de cosas importantes, surgidas en torno a la Ilustración y la francmasonería. Lo milagroso es cómo Mozart logró la unidad dentro de la diversidad, para que emerja lo que es el centro vital de la ópera: el amor purificador de la pareja protagonista.
650 7 _aÓperas-
_9137584
_vLibretos
655 7 _aLibretos
_2
_9242219
700 1 _aSchikaneder, Emanuel,
_d1751-1812-
_tDie Zauberflöte-
_lEspañol-Alemán
_9238151
_elbt
700 1 _aDermota, Anton,
_d1910-1989
_9238145
_eprf
700 1 _aSeefried, Irmgard,
_d1919-1988
_9238152
_eprf
700 1 _aKunz, Erich,
_d1909-1995
_9238153
_eprf
700 1 _aLipp, Wilma,
_d1925-2019
_9238154
_eprf
700 1 _aWeber, Ludwig,
_d1899-1979
_9238155
_eprf
700 1 _aLondon, George,
_d1919-1985
_9238156
_eprf
700 1 _aJurinac, Sena,
_d1921-2011
_9237853
_eprf
700 1 _aRieger, Friedl
_9238157
_eprf
700 1 _aSchürhoff, Else
_9238121
_eprf
700 1 _aLoose, Emmy,
_d1914-1987
_9238158
_eprf
700 1 _aKlein, Peter
_eprf
_9240570
700 1 _aMajkut, Erich
_eprf
_9240571
700 1 _aPantscheff, Liubomir
_eprf
_9240572
700 1 _aMajkut, Erich
_eprf
_9240571
700 1 _aPröglhöf, Harald
_9240561
_eprf
700 1 _aSteinmassl, Hermine
_eprf
_9240573
700 1 _aDörpinghans, Eleonore
_eprf
_9240574
700 1 _aStükl, Annelies
_eprf
_9240575
700 1 _aKarajan, Herbert von,
_d1908-1989
_9235581
_emsd
710 2 _aWiener Singverein
_9238159
710 2 _aWiener Philharmoniker
_9239273
852 _aES-MaACL
_bR.155028
_cDEPOJ
_jN-9810
_hDonación: Miren Fernández
_xEncuadernación cartoné
_pVolumen 15
_9205622
903 _aFernández, Miren
_ednr
942 _cMONOGRAFIA
_n0
999 _c196093
_d196093